| 000 | 00619nam a2200241Ia 4500 | ||
|---|---|---|---|
| 003 | OSt | ||
| 005 | 20221005065942.0 | ||
| 006 | a|||||r|||| 00| 0 | ||
| 007 | ta | ||
| 008 | 221004b |||||||| |||| 00| 0 mar d | ||
| 024 | _a40069 | ||
| 037 | _cTextual | ||
| 040 |
_aCRL _cCRL _bmar |
||
| 041 |
_2mar _amar |
||
| 082 | _aO15,1D40:g, 155G7 | ||
| 100 |
_aAltekar _9605155 |
||
| 245 | 0 | _aKalidasachi srishti | |
| 260 |
_aMumbai _bIndia _c1937 |
||
| 300 |
_a276p. _ccm. |
||
| 650 | _aSANSKRIT LITERATURE | ||
| 942 |
_hO15,1D40:g, 155G7 _cTEXL _2cc |
||
| 999 |
_c975451 _d975451 |
||